Welcome to the Holygrace Academy Library

Please use search bar below to get started

ANUCHEDHOM, NIBHANDHOM, PATHROM AUR PRARTHANA PATHROM KA GAZANA (Record no. 4478)

MARC details
000 -LEADER
fixed length control field 00264nam a22001097a 4500
082 ## - DEWEY DECIMAL CLASSIFICATION NUMBER
Classification number 494
Item number MAP/A
245 ## - TITLE STATEMENT
Title ANUCHEDHOM, NIBHANDHOM, PATHROM AUR PRARTHANA PATHROM KA GAZANA
260 ## - PUBLICATION, DISTRIBUTION, ETC. (IMPRINT)
Place of publication NOIDA
Name of publisher MAPLE PRESS
300 ## - PHYSICAL DESCRIPTION
Number of Pages 280
650 ## - SUBJECT ADDED ENTRY--TOPICAL TERM
Topical Term ESSAY
Geographic subdivision NOIDA
942 ## - ADDED ENTRY ELEMENTS (KOHA)
Koha item type Books
Holdings
Withdrawn status Lost status Collection code Home library Current library Shelving location Date acquired Source of acquisition Cost, normal purchase price Full call number Accession Number Koha item type
    Non-fiction Main Library Main Library   05/10/2015 PURCHASE 95.00 494 MAP/A 09572 Books